Score 0/20 Timer 03:00
0 Plays Today
% Correct
Japan
93.8%
Brazil
91.9%
Australia
87.1%
India
85.8%
Argentina
85.1%
New Zealand
82.6%
Chile
74.6%
Vietnam
73%
Colombia
69.5%
Thailand
68.9%
% Correct
Malaysia
66.8%
Singapore
66.8%
Peru
66.3%
Ecuador
66.2%
Laos
63.2%
Paraguay
62.5%
Cambodia
62.2%
Indonesia
62%
Vanuatu
60.5%
Bolivia
56.1%
Remove Ads.
Support Sporcle.
Get the best of Sporcle when you Go Orange. This ad-free experience offers more features, more stats, and more fun while also helping to support Sporcle. Thank you for becoming a member.

You're not logged in!

Compare scores with friends on all Sporcle quizzes.
OR
Log In

Show Comments

Extras

Top Quizzes Today


Score Distribution

Your Account Isn't Verified!

In order to create a playlist on Sporcle, you need to verify the email address you used during registration. Go to your Sporcle Settings to finish the process.

Report this User

Report this user for behavior that violates our Community Guidelines.

Details: